Automatická identifikace v logistice
Identifikácia v logistike slúži k rozpoznávaniu logistických objektov v materiálovom toku. Klasifikácia automatickej identifikácie podľa fyzikálnych metód: optické, biometrické, galvanické, elektromagnetické. Tradičné metódy riešenia: systémy čiarového kódu, systémy OCR (Optical Character Recognitio...
Na minha lista:
| Autor principal: | |
|---|---|
| Outros Autores: | |
| Formato: | Capítulo de Livro |
| Idioma: | tcheco |
| Assuntos: | |
| Tags: |
Sem tags, seja o primeiro a adicionar uma tag!
|
MARC
| LEADER | 00000naa a2200000 4500 | ||
|---|---|---|---|
| 001 | r048918 | ||
| 005 | 20231003123735.4 | ||
| 041 | 0 | |a cze | |
| 044 | |a CZ | ||
| 245 | 1 | 0 | |a Automatická identifikace v logistice |c Horst Krampe, Andreas Krampe |
| 520 | |a Identifikácia v logistike slúži k rozpoznávaniu logistických objektov v materiálovom toku. Klasifikácia automatickej identifikácie podľa fyzikálnych metód: optické, biometrické, galvanické, elektromagnetické. Tradičné metódy riešenia: systémy čiarového kódu, systémy OCR (Optical Character Recognition), systémy čipových kariet. | ||
| 610 | 2 | 0 | |a identifikácia automatická |
| 610 | 2 | 0 | |a logistika |
| 610 | 2 | 0 | |a kódy čiarové |
| 610 | 2 | 0 | |a karty čipové |
| 610 | 2 | 0 | |a klasifikácia |
| 610 | 2 | 0 | |a OCR |
| 100 | 1 | |a Krampe, Horst | |
| 700 | 1 | |a Krampe, Andreas | |